000 03983nkm0a2200601 4500
001 RU\NLR\BIBL_A\022659808
005 20260204000000.0
020 _aRU
_b44-1919 (1944, № 1-2)
_9Летопись изоизданий / ВКП. - Москва, 1944. - Вып. 1944, № 1-2. - С. 69
020 _aRU
_b44-2354 (1944, № 3-4)
_9Летопись изоизданий / ВКП. - Москва, 1948. - Вып. 1944, № 3-4. - С. 71
035 _a(NLR Aleph) 022659808
071 5 0 _d35 к.
090 _a88940
_c88940
100 _a20251105d1942 u y0rusy50 ca
101 0 _arus
102 _aRU
116 _aiiycxx bi ae
135 _acrcn 024anaba
181 0 _ab4
_bxb2e
182 0 _an
200 1 _aСветит в небе звездочка высоко
_eпочтовая карточка
_fрисунок Г. Морозова
_gмузыка Б. Гольца
_gтекст А. Чуркина
_gред. М. Матвеев
203 _aИзображение
_bнеподвижное
_bдвухмерное
_bвизуальное
_cнепосредственное
210 _a[Ленинград]
_cИскусство
_d1942
_e[Ленинград]
_gПол-маст. ЛССХ
215 _a1 л.
_cцв. литогр.
_d9,5х14,1
300 _aЦенз. разрешение: М10539
300 _aВ вып. дан.: Зак. № 18
300 _aНотный и литературный текст песни: "Светит в небе звездочка высоко В золотой вечерней полумгле. Мой дружок ушел в поход далекий На большом военном корабле ..."
325 _aКопия доступна в Электрон. б-ке РНБ
327 0 _aМолодая женщина на берегу моря, на дальнем плане военный корабль
606 1 _aПочтовые открытки маркированные художественные
_yСССР
_z1941 - 1945
_2nlr_sh2
_3RU\NLR\AUTH\661531868
606 1 _aПесни русские советские
_z1941 - 1945
_jОткрытки
_2nlr_sh1
_2nlr_sh2
_3RU\NLR\AUTH\66829592
606 1 _aЖенщины
_yСССР
_z1941 - 1945
_jОткрытки
_2nlr_sh2
_3RU\NLR\AUTH\661497102
617 _aСССР
686 1 _aЩ153(2)7-489
700 1 _aМорозов
_bГ. П.
_cархитектор, художник
_f1920-1992
_gГригорий Павлович
_3RU\NLR\AUTH\770277219
_4040
702 1 _aГольц
_bБ. Г.
_cкомпозитор
_f1913-1942
_gБорис Григорьевич
_3RU\NLR\AUTH\77126988
_4230
702 1 _aЧуркин
_bА. Д.
_f1903-1971
_gАлександр Дмитриевич
_3RU\NLR\AUTH\770128486
_4070
702 1 _aМатвеев
_bМ. А.
_cкомпозитор
_f1912-1994
_gМихаил Александрович
_3RU\NLR\AUTH\770126715
_4340
712 0 2 _a"Искусство", издательство
_cМосква
_bЛенинградское отделение
_3RU\NLR\AUTH\880384788
_4650
712 0 2 _aЛенинградский союз художников
_bПолиграфическая мастерская
_3RU\NLR\AUTH\880384830
_4610
830 _aЛетопись изоизданий - техника печати: литография двухцветн. (1944, № 1-2), литография (1944, № 3-4). АЯ ОЭФ
852 0 0 _aNLR
_bЭ
_jОИр995,75/2/18
_mЭот101044
856 0 _uhttps://vivaldi.nlr.ru/lo500030015/view
856 1 _uhttps://vivaldi.nlr.ru/lo500030015/cover
856 2 _uhttps://vivaldi.nlr.ru/lo500030015/text
942 _cVISUAL
945 _aРоссийская национальная библиотека
980 _aNB
980 _aBV
981 1 7 _a(17) Изографические материалы
_b(17) Открытки